Entrenadores ganadores de la Champions League en el Siglo XXI - Estadísticas

Estadísticas generales
  • Esta prueba ha sido intentada 71 veces
  • La puntuación promedio es 22 de 25
Estadísticas de respuestas
Hint Respuesta % Correcto
F.C. Porto 2003-2004 Mourinho
100%
Inter Milan 2009-2010 Mourinho
100%
Real Madrid 2015-2016 Zidane
100%
Real Madrid 2016-2017 Zidane
100%
Real Madrid 2017-2018 Zidane
100%
A.C. Milan 2002-2003 Ancelotti
98%
A.C Milan 2006-2007 Ancelotti
98%
Real Madrid 2013-2014 Ancelotti
98%
Real Madrid 2021-2022 Ancelotti
98%
Real Madrid 2023-2024 Ancelotti
98%
F.C. Barcelona 2008-2009 Guardiola
98%
F.C. Barcelona 2010-2011 Guardiola
98%
Manchester city 2022-2023 Guardiola
98%
F.C. Barcelona 2014-2015 Luis Enrique
97%
PSG 2024-2025 Luis Enrique
97%
Manchester United 2007-2008 Ferguson
92%
Bayern Munich 2019-2020 Flick
92%
Liverpool 2018-2019 Klopp
86%
F.C. Barcelona 2005-2006 Rijkaard
75%
Chelsea 2020-2021 Tuchel
75%
Bayern Munich 2012-2013 Heynckes
71%
Liverpool 2004-2005 Rafa Benitez
69%
Chelsea 2011-2012 Di matteo
64%
Real Madrid 2001-2002 Vicente del Bosque
64%
Bayern Munich 2000-2001 Hitzfeld
20%
No se encontraron pruebas coincidentes
Distribución de puntuación
Porcentaje de gente con cada puntuación
Porcentaje por número respondido
Historial de tus puntuaciones
No has intentado esta prueba.